2-Iodoxybenzoic acid ditriflate: the most powerful hypervalent iodine(v) oxidant; Chemical Communications; Vol. 55, iss. 54
| Parent link: | Chemical Communications Vol. 55, iss. 54.— 2019.— [P. 7760-7763] |
|---|---|
| Erakunde egilea: | |
| Beste egile batzuk: | , , , , , , , |
| Gaia: | Title screen A ditriflate derivative of 2-iodoxybenzoic acid (IBX) was prepared bythe reaction of IBX with trifluoromethanesulfonic acid and characterized by single crystal X-ray crystallography. IBX-ditriflate is themost powerful oxidant in a series of structurally similar IBX derivatives which is best illustrated by its ability to readily oxidize hydrocarbons and the oxidation resistant polyfluoroalcohols. Режим доступа: по договору с организацией-держателем ресурса |
| Hizkuntza: | ingelesa |
| Argitaratua: |
2019
|
| Gaiak: | |
| Sarrera elektronikoa: | http://xlink.rsc.org/?DOI=c9cc04203b |
| Formatua: | MixedMaterials Baliabide elektronikoa Liburu kapitulua |
| KOHA link: | https://koha.lib.tpu.ru/cgi-bin/koha/opac-detail.pl?biblionumber=660988 |
MARC
| LEADER | 00000naa0a2200000 4500 | ||
|---|---|---|---|
| 001 | 660988 | ||
| 005 | 20250409151401.0 | ||
| 035 | |a (RuTPU)RU\TPU\network\31192 | ||
| 035 | |a RU\TPU\network\28452 | ||
| 090 | |a 660988 | ||
| 100 | |a 20191114d2019 k||y0rusy50 ba | ||
| 101 | 0 | |a eng | |
| 102 | |a GB | ||
| 135 | |a drcn ---uucaa | ||
| 181 | 0 | |a i | |
| 182 | 0 | |a b | |
| 200 | 1 | |a 2-Iodoxybenzoic acid ditriflate: the most powerful hypervalent iodine(v) oxidant |f M. S. Yusubov [et al.] | |
| 203 | |a Text |c electronic | ||
| 300 | |a Title screen | ||
| 330 | |a A ditriflate derivative of 2-iodoxybenzoic acid (IBX) was prepared bythe reaction of IBX with trifluoromethanesulfonic acid and characterized by single crystal X-ray crystallography. IBX-ditriflate is themost powerful oxidant in a series of structurally similar IBX derivatives which is best illustrated by its ability to readily oxidize hydrocarbons and the oxidation resistant polyfluoroalcohols. | ||
| 333 | |a Режим доступа: по договору с организацией-держателем ресурса | ||
| 461 | |t Chemical Communications | ||
| 463 | |t Vol. 55, iss. 54 |v [P. 7760-7763] |d 2019 | ||
| 610 | 1 | |a электронный ресурс | |
| 610 | 1 | |a труды учёных ТПУ | |
| 610 | 1 | |a гипервалентный йод | |
| 701 | 1 | |a Yusubov |b M. S. |c chemist |c Professor of Tomsk Polytechnic University, Doctor of chemical sciences |f 1961- |g Mekhman Suleiman-Ogly (Suleimanovich) |3 (RuTPU)RU\TPU\pers\31833 |9 15928 | |
| 701 | 1 | |a Soldatova |b N. S. |c organic chemist |c engineer of Tomsk Polytechnic University |f 1992- |g Nataliya Sergeevna |3 (RuTPU)RU\TPU\pers\36289 |9 19363 | |
| 701 | 1 | |a Postnikov |b P. S. |c organic chemist |c Associate Professor of Tomsk Polytechnic University, Candidate of chemical sciences |f 1984- |g Pavel Sergeevich |3 (RuTPU)RU\TPU\pers\31287 |9 15465 | |
| 701 | 1 | |a Valiev |b R. R. |c chemist |c Assistant of Tomsk Polytechnic University |f 1983- |g Rashid Rinatovich |3 (RuTPU)RU\TPU\pers\34114 |9 17654 | |
| 701 | 1 | |a Yoshimura |b A. |c chemical engineer |c Professor of Tomsk Polytechnic University |f 1981- |g Akira |3 (RuTPU)RU\TPU\pers\39852 |9 21126 | |
| 701 | 1 | |a Virt |b T. | |
| 701 | 1 | |a Nemykin |b V. N. |g Viktor Nikolaevich | |
| 701 | 1 | |a Zhdankin |b V. V. |c chemist |c Professor of Tomsk Polytechnic University, Doctor of chemical sciences |f 1956- |g Viktor Vladimirovich |3 (RuTPU)RU\TPU\pers\35758 |9 18915 | |
| 712 | 0 | 2 | |a Национальный исследовательский Томский политехнический университет |b Исследовательская школа химических и биомедицинских технологий (ИШХБМТ) |c (2017- ) |3 (RuTPU)RU\TPU\col\23537 |
| 801 | 2 | |a RU |b 63413507 |c 20191114 |g RCR | |
| 856 | 4 | |u http://xlink.rsc.org/?DOI=c9cc04203b | |
| 942 | |c CF | ||